States That Have Had E(F)-5 Tornadoes-Sudden Death - Statistics

General Stats
  • This quiz has been taken 207 times
    83 since last reset
  • The average score is 14 of 22
Answers on the Grid
Answers color-coded by a green-red scale on the quiz's grid according to % correct below.
Wyoming
Wisconsin
West Virginia
Washington
Virginia
Vermont
Utah
Texas
Tennessee
South Dakota
South Carolina
Rhode Island
Pennsylvania
Oregon
Oklahoma
Ohio
North Dakota
North Carolina
New York
New Mexico
New Jersey
New Hampshire
Nevada
Nebraska
Montana
Missouri
Mississippi
Minnesota
Michigan
Massachusetts
Maryland
Maine
Louisiana
Kentucky
Kansas
Iowa
Indiana
Illinois
Idaho
Hawaii
Georgia
Florida
Delaware
Conneticut
Colorado
California
Arkansas
Arizona
Alaska
Alabama
 
Answer Stats
Answer % Correct
Texas
82%
Alabama
75%
Kansas
75%
Oklahoma
70%
Illinois
66%
Mississippi
66%
Ohio
66%
Tennessee
66%
Wisconsin
66%
Iowa
64%
Missouri
64%
Nebraska
64%
Michigan
61%
North Dakota
61%
Arkansas
59%
Indiana
59%
Kentucky
59%
South Dakota
59%
Louisiana
57%
Minnesota
57%
Pennsylvania
48%
Georgia
45%
No matching quizzes found
Score Distribution
Percent of People with Each Score
Percentile by Number Answered
Your Score History
You have not taken this quiz since the last reset